000 00312nam a2200133Ia 4500
100 _aBoston''''s Computer Institute
942 _cBK
654 _aoracle
245 _aOracle 7.1 with developers 2000
260 _bBoston Magt Consult
_c1997
082 _a005.133'O'
_bBOS
300 _a71
546 _aENGLISH
999 _c29038
_d29038